Normal view MARC view
  • TherajaA.K

Entry Personal Name

Number of records used in: 46

001 - CONTROL NUMBER

  • control field: 137401

003 - CONTROL NUMBER IDENTIFIER

  • control field: OSt

005 - DATE AND TIME OF LATEST TRANSACTION

  • control field: 20230313122712.0

008 - FIXED-LENGTH DATA ELEMENTS

  • fixed length control field: 230313|| aca||aabn | a|a d

040 ## - CATALOGING SOURCE

  • Original cataloging agency: OSt
  • Transcribing agency: OSt

100 ## - HEADING--PERSONAL NAME

  • Personal name: TherajaA.K

670 ## - SOURCE DATA FOUND

  • Source citation: Work cat.: (OSt)108494: Theraja B. L. 126181, Electrical Technology